00546nam a2200193 a 4500001001300000003000900013005001700022008004100039020002300080082001800103100001900121245006100140260004900201300000900250500003500259505001800294650002100312700001900333nice12345678IN_TiNIC20260116014003.0050524s1994 mica grp 000 0 eng  a0310619 c35200a221.0202bWAL aWalton, John H aChronological and Background Chart of the Old Testament. aMichigan bZondervan Publishing House c1994 a124p aincludes index and biblioraphy2 aSubject Index aBible-Chronology1 aWalton, John H